<?xml version="1.0" encoding="UTF-8"?>
<record
    xmlns:xsi="http://www.w3.org/2001/XMLSchema-instance"
    xsi:schemaLocation="http://www.loc.gov/MARC21/slim http://www.loc.gov/standards/marcxml/schema/MARC21slim.xsd"
    xmlns="http://www.loc.gov/MARC21/slim">

  <leader>00723cam a2200241 a 4500</leader>
  <controlfield tag="001">38338</controlfield>
  <controlfield tag="003">(BD-RjUL)</controlfield>
  <controlfield tag="005">20211209052757.0</controlfield>
  <controlfield tag="008">940718s1994    nyua     b    001 0 eng  </controlfield>
  <datafield tag="020" ind1=" " ind2=" ">
    <subfield code="a">0071133194</subfield>
  </datafield>
  <datafield tag="035" ind1=" " ind2=" ">
    <subfield code="a">(BD-RjUL)</subfield>
  </datafield>
  <datafield tag="040" ind1=" " ind2=" ">
    <subfield code="a">DLC</subfield>
    <subfield code="c">(BD-RjUL)</subfield>
    <subfield code="d">DLC</subfield>
    <subfield code="b">eng</subfield>
  </datafield>
  <datafield tag="041" ind1=" " ind2=" ">
    <subfield code="a">eng</subfield>
  </datafield>
  <datafield tag="082" ind1="0" ind2="0">
    <subfield code="a">006.3</subfield>
    <subfield code="2">20</subfield>
    <subfield code="b">FUN 1994</subfield>
  </datafield>
  <datafield tag="100" ind1="1" ind2=" ">
    <subfield code="a">Fu, LiMin,</subfield>
    <subfield code="9">118494</subfield>
  </datafield>
  <datafield tag="245" ind1="1" ind2="0">
    <subfield code="a">Neural networks in computer intelligence /</subfield>
    <subfield code="c">LiMin Fu.</subfield>
  </datafield>
  <datafield tag="260" ind1=" " ind2=" ">
    <subfield code="a">New York :</subfield>
    <subfield code="b">McGraw-Hill,</subfield>
    <subfield code="c">c1994.</subfield>
  </datafield>
  <datafield tag="300" ind1=" " ind2=" ">
    <subfield code="a">xix, 460 p. :</subfield>
    <subfield code="b">ill. ;</subfield>
    <subfield code="c">24 cm. </subfield>
  </datafield>
  <datafield tag="504" ind1=" " ind2=" ">
    <subfield code="a">Includes bibliographical references and index.</subfield>
  </datafield>
  <datafield tag="650" ind1=" " ind2="0">
    <subfield code="a">Neural networks (Computer science)</subfield>
    <subfield code="9">118250</subfield>
  </datafield>
  <datafield tag="650" ind1=" " ind2="0">
    <subfield code="a">Artificial intelligence.</subfield>
    <subfield code="9">118495</subfield>
  </datafield>
  <datafield tag="942" ind1=" " ind2=" ">
    <subfield code="2">ddc</subfield>
    <subfield code="c">BK</subfield>
  </datafield>
  <datafield tag="999" ind1=" " ind2=" ">
    <subfield code="c">38338</subfield>
    <subfield code="d">38338</subfield>
  </datafield>
  <datafield tag="952" ind1=" " ind2=" ">
    <subfield code="0">0</subfield>
    <subfield code="1">0</subfield>
    <subfield code="2">ddc</subfield>
    <subfield code="4">0</subfield>
    <subfield code="7">1</subfield>
    <subfield code="a">ICE</subfield>
    <subfield code="b">ICE</subfield>
    <subfield code="c">Seminar Library</subfield>
    <subfield code="d">2015-11-08</subfield>
    <subfield code="l">0</subfield>
    <subfield code="o">006.3 FUN 1994</subfield>
    <subfield code="r">2015-11-08 00:00:00</subfield>
    <subfield code="t">C.1</subfield>
    <subfield code="w">2015-11-08</subfield>
    <subfield code="y">BK</subfield>
  </datafield>
  <datafield tag="952" ind1=" " ind2=" ">
    <subfield code="0">0</subfield>
    <subfield code="1">0</subfield>
    <subfield code="2">ddc</subfield>
    <subfield code="4">0</subfield>
    <subfield code="7">0</subfield>
    <subfield code="a">ICE</subfield>
    <subfield code="b">ICE</subfield>
    <subfield code="c">Seminar Library</subfield>
    <subfield code="d">2105-11-08</subfield>
    <subfield code="l">0</subfield>
    <subfield code="o">006.3 FUN 1994</subfield>
    <subfield code="r">2015-11-08 00:00:00</subfield>
    <subfield code="t">C.2</subfield>
    <subfield code="w">2015-11-08</subfield>
    <subfield code="y">BK</subfield>
  </datafield>
  <datafield tag="952" ind1=" " ind2=" ">
    <subfield code="0">0</subfield>
    <subfield code="1">0</subfield>
    <subfield code="2">ddc</subfield>
    <subfield code="4">0</subfield>
    <subfield code="7">0</subfield>
    <subfield code="a">ICE</subfield>
    <subfield code="b">ICE</subfield>
    <subfield code="c">Seminar Library</subfield>
    <subfield code="d">2015-11-08</subfield>
    <subfield code="l">0</subfield>
    <subfield code="o">006.3 FUN 1994</subfield>
    <subfield code="r">2015-11-08 00:00:00</subfield>
    <subfield code="t">C.3</subfield>
    <subfield code="w">2015-11-08</subfield>
    <subfield code="y">BK</subfield>
  </datafield>
  <datafield tag="952" ind1=" " ind2=" ">
    <subfield code="0">0</subfield>
    <subfield code="1">0</subfield>
    <subfield code="2">ddc</subfield>
    <subfield code="4">0</subfield>
    <subfield code="7">0</subfield>
    <subfield code="8">NFIC</subfield>
    <subfield code="a">RUCL</subfield>
    <subfield code="b">RUCL</subfield>
    <subfield code="c">Stack</subfield>
    <subfield code="d">2000-06-08</subfield>
    <subfield code="e">Dhaka, Ahsania Mission Book</subfield>
    <subfield code="g">666.00</subfield>
    <subfield code="l">0</subfield>
    <subfield code="o">006.3 FUN 1994</subfield>
    <subfield code="r">2016-11-07 00:00:00</subfield>
    <subfield code="t">C-4</subfield>
    <subfield code="w">2021-12-09</subfield>
    <subfield code="y">BK</subfield>
  </datafield>
  <datafield tag="952" ind1=" " ind2=" ">
    <subfield code="0">0</subfield>
    <subfield code="1">0</subfield>
    <subfield code="2">ddc</subfield>
    <subfield code="4">0</subfield>
    <subfield code="7">0</subfield>
    <subfield code="8">NFIC</subfield>
    <subfield code="a">RUCL</subfield>
    <subfield code="b">RUCL</subfield>
    <subfield code="c">Stack</subfield>
    <subfield code="d">2000-06-08</subfield>
    <subfield code="e">Karim International</subfield>
    <subfield code="g">666.00</subfield>
    <subfield code="l">0</subfield>
    <subfield code="o">006.3 FUN 1994</subfield>
    <subfield code="r">2017-03-15 00:00:00</subfield>
    <subfield code="t">C-5</subfield>
    <subfield code="w">2021-12-09</subfield>
    <subfield code="y">BK</subfield>
  </datafield>
</record>
